000 00696nam a2200289Ia 4500
005 20260324133858.0
008 008 260324s9999 xx 000 0 eng d
020 _a9780203616949
037 _aEBOOK
040 _aCRL
040 _beng
040 _cCRL
041 _2eng
041 _aeng
084 _qCRL
100 _aDouglas Lee
_91194734
245 0 _aMasterworks of 20th-Century Music
245 4 _bThe Modern Repertory of the Symphony Orchestra
260 _bTaylor and Francis
260 _c2002
365 _a
365 _b205
856 _uhttp://www.taylorfrancis.com/books/9780203616949
942 _cEBOOK
999 _c1794238
_d1794238